Sexualidad y educación sexual / (Record no. 143826)

MARC details
000 -LEADER
campo de control de longitud fija 00586nam a2200181 4500
001 - NÚMERO DE CONTROL
campo de control 143826
003 - IDENTIFICADOR DE NÚMERO DE CONTROL
campo de control ES-MaACL
005 - FECHA Y HORA DE LA ÚLTIMA TRANSACCIÓN
campo de control 20230906200902.0
007 - CAMPO FIJO DE DESCRIPCIÓN FÍSICA--INFORMACIÓN GENERAL
campo de control de longitud fija t|
008 - DATOS DE LONGITUD FIJA--INFORMACIÓN GENERAL
campo de control de longitud fija 070214s1972 sp r ||||1| spa d
245 00 - MENCIÓN DEL TÍTULO
Título Sexualidad y educación sexual /
Mención de responsabilidad, etc. J. M. López-Cepero... [et al.].
260 ## - PUBLICACIÓN, DISTRIBUCIÓN, ETC.
Lugar de publicación, distribución, etc. Madrid :
Nombre del editor, distribuidor, etc. Instituto de la Juventud,
Fecha de publicación, distribución, etc. 1972 (
Fabricante Arabi)
300 ## - DESCRIPCIÓN FÍSICA
Extensión 277 p. ;
Dimensiones 21 cm.
700 1# - ENTRADA AGREGADA--NOMBRE PERSONAL
Nombre de persona López-Cepero Jurado, José Mariano.
9 (RLIN) 73503
710 2# - ENTRADA AGREGADA--NOMBRE DE ENTIDAD CORPORATIVA
Nombre de entidad corporativa o nombre de jurisdicción como elemento de entrada Instituto de la Juventud (España)
9 (RLIN) 4979
852 ## - LOCALIZACIÓN
Ubicación ES-MaACL
Número de control de estantería E-6564
Sublocalización o colección R.91167
852 ## - LOCALIZACIÓN
Ubicación ES-MaACL
Número de control de estantería C-48251
Sublocalización o colección R.83388
Holdings
Estatus retirado Estado de pérdida Estado de daño No para préstamo Biblioteca de origen Biblioteca actual Ubicación en estantería Fecha de adquisición Fuente de adquisición Total de préstamos Signatura topográfica completa Código de barras Visto por última vez Precio de reemplazo Tipo de ítem Koha
        Biblioteca del Ateneo de Madrid Biblioteca del Ateneo de Madrid Depósito 2 17/01/2008     C-48251 1149641 23/02/2023 23/02/2023 Libro impreso
        Biblioteca del Ateneo de Madrid Biblioteca del Ateneo de Madrid Depósito 2 17/01/2008     E-6564 1149640 23/02/2023 23/02/2023 Libro impreso